[Event "Let's Play I-13"]
[Site "http://www.queenalice.com/game.php?id=1766030"]
[Date "2021.8.5"]
[Round "-"]
[White "Rider"]
[Black "PatricioKM"]
[Result "0-1"]
[WhiteElo "1562"]
[BlackElo "1731"]

1. d4 d5 2. e3 a6 3. c4 e6 4. cxd5 exd5 5. Qa4+ Nc6 6. Bb5 Ne7 7. Nc3 Be6 8. Bd3
g6 9. e4 b5 10. Qb3 dxe4 11. Bxe4 Bxb3 12. axb3 f5 13. Bf3 Qxd4 14. Be3 Qd6 15.
Rd1 Qe6 16. Nh3 Bg7 17. O-O O-O 18. Ng5 Qxb3 19. Rb1 Bxc3 20. bxc3 Qxc3 21. Rbc1
Qf6 22. Rfe1 Rab8 23. Bf4 Rbc8 24. Re6 Qd4 25. Bxc6 Qxf4 26. Rc2 Qxg5 27. Bb7
Rcd8 28. Re1 a5 29. Rxc7 Qd2 30. Kf1 Nd5 31. Rcc1 Nb4 32. g3 Nd3 33. Red1 Qxf2#
0-1

[Event "Let's Play I-14"]
[Site "http://www.queenalice.com/game.php?id=1766031"]
[Date "2021.8.5"]
[Round "-"]
[White "PatricioKM"]
[Black "Rider"]
[Result "1-0"]
[WhiteElo "1720"]
[BlackElo "1512"]

1. e4 d5 2. exd5 Qxd5 3. Nc3 Qe5+ 4. Be2 Bg4 5. Nf3 Qd6 6. d4 Nf6 7. h3 Bd7 8.
Bb5 c6 9. Bc4 e6 10. Be3 Be7 11. Qd3 O-O 12. O-O-O b5 13. Bb3 Rd8 14. Ng5 h6 15.
Nge4 Nxe4 16. Nxe4 Qc7 17. g4 a6 18. f4 Kf8 19. h4 Kg8 20. g5 h5 21. Ng3 g6 22.
a3 a5 23. Ne4 Kg7 24. c3 a4 25. Bc2 e5 26. fxe5 Bg4 27. Rdf1 c5 28. Qxb5 cxd4
29. Bxd4 Kg8 30. Bb6 Qb7 31. Nc5 Bxc5 32. Qxc5 Rd7 33. Rf6 Be6 34. Re1 Na6 35.
Qe3 Qc6 36. Be4 Qc8 37. Bxa8 Qxa8 38. Qe4 Qb8 39. Qc6 Kg7 40. Ba5 Qb7 41. Qxb7
Rxb7 42. Rd1 Nc5 43. Bb4 Ne4 44. Rf4 Ng3 45. Re1 Bg4 46. Re3 Nf5 47. Rd3 Nxh4
48. Ba5 Ng2 49. Rf2 Ne1 50. Rg3 Rd7 51. Rd2 Re7 52. Re3 Nf3 53. c4 Ng1 54. Bc3
Kh7 55. Rd8 Ne2+ 56. Kd2 Re6 57. Rd6 Re7 58. Rd8 f5 59. e6 Nf4 60. Rh8# 1-0

[Event "Let's Play Chess!"]
[Site "http://www.queenalice.com/game.php?id=1766856"]
[Date "2021.8.14"]
[Round "-"]
[White "charles31"]
[Black "PatricioKM"]
[Result "0-1"]
[WhiteElo "1649"]
[BlackElo "1697"]

1. e4 e5 2. Nf3 Nc6 3. Bc4 Nf6 4. Qe2 d5 5. exd5 Nxd5 6. d3 Bg4 7. h3 Bh5 8. Qe4
Nf6 9. Qe3 Bxf3 10. gxf3 Nd4 11. Qxe5+ Qe7 12. Qxe7+ Bxe7 13. f4 Nxc2+ 14. Kd2
Nxa1 15. Re1 Ng8 16. b3 O-O-O 17. Bxf7 Bb4+ 18. Nc3 Nh6 19. Be6+ Kb8 20. Bb2
Nxb3+ 21. axb3 Rhe8 22. f5 Nxf5 23. Bxf5 Bxc3+ 24. Bxc3 Rf8 25. Bg4 Rxf2+ 26.
Re2 Rxe2+ 27. Kxe2 g6 28. h4 h5 29. Bh3 Rf8 30. Bd2 Rf6 31. Bd7 Rd6 32. Ba4 Rd5
33. Be8 Re5+ 0-1

[Event "Let's Play Chess!"]
[Site "http://www.queenalice.com/game.php?id=1766857"]
[Date "2021.8.14"]
[Round "-"]
[White "PatricioKM"]
[Black "charles31"]
[Result "1-0"]
[WhiteElo "1682"]
[BlackElo "1664"]

1. e4 e5 2. Nf3 d6 3. h3 a6 4. Nc3 Nc6 5. Bc4 h6 6. d3 Nf6 7. O-O Be6 8. Bxe6
fxe6 9. Be3 d5 10. Nd2 d4 11. Bxd4 exd4 12. Ne2 Bc5 13. Ng3 Bd6 14. Nb3 e5 15.
c3 dxc3 16. bxc3 g6 17. d4 exd4 18. cxd4 Bb4 19. e5 Nd5 20. Ne4 Qe7 21. Nbc5
O-O-O 22. a3 Ba5 23. Rb1 Bb6 24. Rc1 Nf4 25. Qg4+ Ne6 26. Nxe6 Kb8 27. Nxd8 Qxd8
28. Qxg6 Qf8 29. Nf6 Kc8 30. Qg4+ Kd8 31. Qd7# 1-0

[Event "Challenge"]
[Site "http://www.queenalice.com/game.php?id=1767103"]
[Date "2021.8.16"]
[Round "-"]
[White "PatricioKM"]
[Black "Mr_SPOCK"]
[Result "1/2-1/2"]
[WhiteElo "1764"]
[BlackElo "1766"]

1. e4 e5 2. Nf3 Nc6 3. d4 Bd6 4. Bc4 Nf6 5. Nc3 O-O 6. O-O Ng4 7. h3 Nh6 8. Bxh6
gxh6 9. Nb5 a6 10. Nxd6 cxd6 11. c3 b5 12. Bd5 Qf6 13. a4 b4 14. Bxc6 dxc6 15.
cxb4 h5 16. Rc1 Qg6 17. Nh4 Qg5 18. g3 Bxh3 19. Re1 Bg4 20. Qc2 Bh3 21. dxe5
Qxe5 22. Qxc6 Rac8 23. Qxa6 Rc7 24. Rxc7 d5 25. Rc8 Bxc8 26. Qb5 Be6 27. Nf3 Qf6
28. Nd2 Qxb2 29. Nf3 Qc3 30. Re3 Qc2 31. exd5 Bd7 32. Qxd7 f5 33. Qe6+ Rf7 34.
Ng5 Qc7 35. Qe8+ Rf8 36. Qxh5 f4 37. gxf4 Qd7 38. Ne6 Rf6 39. Qg5+ Rg6 40. Qxg6+
hxg6 41. b5 Qxd5 42. Nc7 Qd1+ 43. Kg2 Qxa4 44. Re8+ Kh7 45. b6 Qc6+ 46. Kg3 Qxb6
47. Re7+ Kh6 48. Nd5 Qd6 49. Re5 Qa3+ 50. Kg4 Qd6 51. Ne7 Qd7+ 52. Kh4 1/2-1/2

[Event "Let's Play 513"]
[Site "http://www.queenalice.com/game.php?id=1767728"]
[Date "2021.8.24"]
[Round "-"]
[White "digger"]
[Black "PatricioKM"]
[Result "0-1"]
[WhiteElo "1593"]
[BlackElo "1726"]

1. e4 e5 2. d3 h6 3. d4 exd4 4. Qxd4 Nc6 5. Qc3 Nf6 6. Bd3 Bb4 7. Bd2 Bxc3 8.
Bxc3 d6 9. Nf3 Bg4 10. Nfd2 a6 11. f3 Bh5 12. g4 Bg6 13. Na3 O-O 14. O-O-O b5
15. b4 Nd7 16. f4 Qh4 17. h3 Qf6 18. Bxf6 Nxf6 19. f5 Bh7 20. h4 Nxg4 21. Rhg1
Nf2 22. Rdf1 Nxd3+ 23. cxd3 Nd4 24. Rf2 c6 25. f6 g6 26. Kb2 a5 27. bxa5 Rxa5
28. Nab1 c5 29. a3 Re8 30. Nc3 b4 31. axb4 cxb4 32. Na2 Nc6 33. Nc4 Rh5 34. Nxd6
Rd8 35. Nf5 Kf8 36. Ne3 Rxd3 37. Ng2 Rd4 38. Rc1 Nd8 39. e5 Rxe5 40. Kb3 g5 41.
hxg5 hxg5 42. Rc7 Be4 43. Ne1 Ne6 44. Rc8+ Rd8 45. Rxd8+ Nxd8 46. Nxb4 Ne6 47.
Na2 Nc5+ 48. Kc4 Nd7 49. Nb4 Re6 50. Kd4 Bb7 51. Nec2 Nxf6 52. Nd3 Rd6+ 53. Ke3
Ng4+ 54. Ke2 Nxf2 55. Nxf2 f6 56. Nh3 g4 57. Nf4 Be4 58. Nb4 Rb6 59. Nfd3 Bxd3+
60. Nxd3 Kf7 61. Kf2 f5 62. Nf4 Rb4 63. Nd5 Rd4 64. Ne3 Kf6 65. Nf1 f4 66. Ke2
Kf5 67. Nd2 g3 68. Nf3 Ra4 69. Nh4+ Kg4 70. Ng2 f3+ 71. Kf1 fxg2+ 72. Kxg2 Ra2+
73. Kf1 Kh3 74. Ke1 g2 75. Kd1 g1=Q# 0-1

[Event "Let's Play 514"]
[Site "http://www.queenalice.com/game.php?id=1767729"]
[Date "2021.8.24"]
[Round "-"]
[White "PatricioKM"]
[Black "digger"]
[Result "0-1"]
[WhiteElo "1764"]
[BlackElo "1555"]

1. e4 e5 2. Nf3 d6 3. h3 Nc6 4. Bb5 Bd7 5. Nc3 a6 6. Ba4 b5 7. Bb3 Qf6 8. d3 Be6
9. Bxe6 Qxe6 10. Nd5 O-O-O 11. O-O f5 12. Nc3 g6 13. b3 f4 14. d4 Qf6 15. dxe5
dxe5 16. Qe1 Bc5 17. a3 Kb7 18. Bb2 Rd7 19. Nd5 Qe6 20. Qc3 Ba7 21. Rad1 Nge7
22. Nxe7 Qxe7 23. Rxd7 Qxd7 24. Nxe5 Nxe5 25. Qxe5 Rf8 26. Bc1 f3 27. gxf3 Rxf3
28. Kg2 Qxh3+ 29. Kg1 Qg4+ 30. Kh1 Rh3+ 31. Qh2 Rxh2+ 32. Kxh2 Qxe4 33. c3 Qe2
34. Rg1 Bxf2 35. Rg5 Be3+ 36. Rg2 Qh5+ 37. Kg3 Bxc1 38. Rh2 Qg5+ 39. Kh3 Qe3+
40. Kg2 h5 41. c4 Qe2+ 42. Kh3 Qf3+ 43. Kh4 Qg4# 0-1

[Event "Let's Play Chess!"]
[Site "http://www.queenalice.com/game.php?id=1767813"]
[Date "2021.8.24"]
[Round "-"]
[White "charles31"]
[Black "PatricioKM"]
[Result "0-1"]
[WhiteElo "1640"]
[BlackElo "1753"]

1. e4 e5 2. d4 exd4 3. Qxd4 Nc6 4. Qd1 Nf6 5. Bd3 d5 6. exd5 Qxd5 7. h3 Qxg2 8.
Qe2+ Be7 9. Qf3 Qxf3 10. Nxf3 O-O 11. Be3 Nd5 12. Nbd2 Nxe3 13. fxe3 Nb4 14. Bc4
Nxc2+ 15. Kf2 Nxa1 16. Rxa1 Bxh3 17. Rh1 Bg4 18. Ne5 Bf5 19. e4 Be6 20. Bxe6
fxe6+ 21. Ndf3 c6 22. Ke3 Bc5+ 23. Ke2 Rf4 24. Nd3 Rxe4+ 25. Kd2 Rf8 26. Ng5
Bb4+ 27. Nxb4 Rxb4 28. Nxe6 Rf6 29. Ng5 Rxb2+ 0-1

[Event "Let's Play Chess!"]
[Site "http://www.queenalice.com/game.php?id=1767814"]
[Date "2021.8.24"]
[Round "-"]
[White "PatricioKM"]
[Black "charles31"]
[Result "1-0"]
[WhiteElo "1740"]
[BlackElo "1653"]

1. e4 e5 2. Nf3 d6 3. h3 a6 4. Nc3 Nc6 5. d4 exd4 6. Nxd4 Nxd4 7. Qxd4 h6 8. Nd5
Be6 9. Bc4 b5 10. Bb3 a5 11. a4 c6 12. Nf4 Bxb3 13. cxb3 b4 14. O-O Nf6 15. Be3
Be7 16. Rac1 c5 17. Qd2 Nxe4 18. Qd5 Nf6 19. Qc6+ Nd7 20. Nd5 Qc8 21. Qb5 Qd8
22. Rfe1 O-O 23. Qe2 Re8 24. Qg4 Bf6 25. Bxh6 Re5 26. Nxf6+ 1-0

[Event "Let's Play Chess!"]
[Site "http://www.queenalice.com/game.php?id=1768615"]
[Date "2021.9.4"]
[Round "-"]
[White "Vany21"]
[Black "PatricioKM"]
[Result "1-0"]
[WhiteElo "1267"]
[BlackElo "1764"]

1. e4 e5 2. Nf3 Nc6 3. d4 exd4 4. Nxd4 Bc5 5. Nb3 b6 6. Nxc5 bxc5 7. Nc3 Nf6 8.
Bc4 O-O 9. Bg5 d6 10. f4 h6 11. Bh4 Qd7 12. Bxf6 gxf6 13. O-O Na5 14. Rf3 Nxc4
15. Rg3+ Kh7 16. Nd5 Qd8 17. Qh5 Be6 18. f5 Bxd5 19. Rh3 Bxe4 20. Qxh6+ 1-0

[Event "Challenge"]
[Site "http://www.queenalice.com/game.php?id=1768707"]
[Date "2021.9.3"]
[Round "-"]
[White "Mr_SPOCK"]
[Black "PatricioKM"]
[Result "0-1"]
[WhiteElo "1765"]
[BlackElo "1737"]

1. e4 e5 2. Nf3 Nc6 3. Bc4 Nf6 4. Nc3 d6 5. d3 h6 6. Bb5 Bd7 7. O-O a6 8. Bc4 b5
9. Bd5 Nxd5 10. Nxd5 Be6 11. a4 bxa4 12. c4 Bxd5 13. cxd5 Ne7 14. Qxa4+ Qd7 15.
Qxd7+ Kxd7 16. b4 Ng6 17. b5 Be7 18. b6 cxb6 19. d4 f6 20. Bb2 a5 21. dxe5 dxe5
22. Ba3 Nf4 23. Ra2 Bxa3 24. Rxa3 b5 25. g3 Nh3+ 26. Kh1 b4 27. Ra4 Rhb8 28. Kg2
Ng5 29. Nh4 Nxe4 30. Nf5 g6 31. Nxh6 Nc3 32. Raa1 Nxd5 33. Rfd1 Ke6 34. f4 exf4
35. g4 Ne3+ 36. Kf3 Nxd1 37. Rxd1 a4 38. Kxf4 b3 39. Re1+ Kd5 40. g5 fxg5+ 41.
Kxg5 a3 42. Nf7 b2 43. h4 b1=Q 44. Rxb1 Rxb1 45. Kxg6 Rf1 46. Ng5 a2 47. h5 a1=Q
48. h6 Qa6+ 49. Kh5 Rg1 50. h7 Rh8 51. Kh4 Qh6# 0-1

[Event "Let's Play Chess!"]
[Site "http://www.queenalice.com/game.php?id=1768863"]
[Date "2021.9.6"]
[Round "-"]
[White "charles31"]
[Black "PatricioKM"]
[Result "1/2-1/2"]
[WhiteElo "1680"]
[BlackElo "1728"]

1. Nc3 Nf6 2. e4 e5 3. a3 d5 4. exd5 Nxd5 5. Nxd5 Qxd5 6. d3 Bc5 7. Nf3 Nc6 8.
h3 Nd4 9. Nxd4 Qxd4 10. Qe2 O-O 11. g3 Bf5 12. c3 Qd6 13. b4 Bb6 14. Bg2 c6 15.
Be4 Bxe4 16. Qxe4 f5 17. Qe2 Qd5 18. f3 a5 19. c4 Qd4 20. Bb2 Qe3 21. Qxe3 Bxe3
22. Ke2 Bb6 23. Bxe5 axb4 24. axb4 Rxa1 25. Rxa1 Re8 26. f4 Bd4 27. Ra5 Bxe5 28.
fxe5 b6 29. Ra6 Rxe5+ 30. Kf3 Kf7 31. Rxb6 Re6 32. Kf4 g6 33. g4 fxg4 34. hxg4
Kf6 35. d4 g5+ 36. Kf3 Kf7 37. d5 Rf6+ 38. Kg3 Rd6 39. dxc6 Rd3+ 40. Kf2 Rd4 41.
Rb7+ Ke6 42. b5 Rxc4 43. Rxh7 Kd6 44. Ke3 Rxg4 45. Rh6+ Kc7 46. Kd3 Kb6 47. Rg6
Rg3+ 48. Kc4 Rg4+ 49. Kd5 Kxb5 50. c7 Rc4 51. Rg7 g4 52. Rxg4 Rxc7 53. Kd6 Rc6+
54. Kd7 Ra6 55. Rg5+ Kb6 1/2-1/2

[Event "Let's Play Chess!"]
[Site "http://www.queenalice.com/game.php?id=1768864"]
[Date "2021.9.6"]
[Round "-"]
[White "PatricioKM"]
[Black "charles31"]
[Result "0-1"]
[WhiteElo "1740"]
[BlackElo "1649"]

1. e4 e5 2. Nf3 d6 3. h3 a6 4. Bc4 h6 5. d4 exd4 6. Nxd4 Bd7 7. Nc3 Nf6 8. O-O
Nc6 9. Be3 Nxd4 10. Bxd4 Bc6 11. Re1 Qd7 12. b3 Be7 13. Ne2 Bxe4 14. Ng3 Bc6 15.
Nh5 Nxh5 16. Qxh5 g6 17. Qe2 Rg8 18. a4 h5 19. Bf6 d5 20. Bd3 d4 21. Qxe7+ Qxe7
22. Bxe7 f5 23. Bc5+ Kd7 24. Bxd4 Rad8 25. Bf6 Rde8 26. Bc4 Rxe1+ 27. Rxe1 Rf8
28. Be7 Re8 29. Bb4 Rxe1+ 30. Kh2 Rd1 31. Be2 Rc1 32. c3 Rb1 33. Bc4 Rb2 34. f3
Bxf3 35. Ba3 Rxg2+ 0-1

[Event "Let's Play Chess!"]
[Site "http://www.queenalice.com/game.php?id=1770636"]
[Date "2021.9.27"]
[Round "-"]
[White "PatricioKM"]
[Black "Scaracioli"]
[Result "1-0"]
[WhiteElo "1779"]
[BlackElo "1694"]

1. e4 e5 2. Nf3 d6 3. h3 Be7 4. Nc3 Nf6 5. d4 Nbd7 6. Bc4 Nb6 7. Bb3 h6 8. dxe5
dxe5 9. Nxe5 Be6 10. Qxd8+ Rxd8 11. Bxe6 fxe6 12. Ng6 Rg8 13. Nxe7 Kxe7 14. O-O
c6 15. Bf4 g5 16. Be5 Nbd7 17. Bc7 Rc8 18. Ba5 b6 19. Bb4+ c5 20. Ba3 h5 21. b3
g4 22. hxg4 Nxg4 23. Bc1 Rcf8 24. Ne2 Ndf6 25. Ng3 h4 26. Nh1 Nxe4 27. f3 Ng3
28. Nxg3 hxg3 29. fxg4 Rxf1+ 30. Kxf1 Rf8+ 31. Ke2 Rf2+ 32. Kd3 Rxg2 33. Bg5+
Kd6 34. Bf4+ e5 35. Be3 e4+ 36. Kxe4 Rxc2 37. Bf4+ Ke6 38. Bxg3 Kf6 39. Bh4+ Kg6
40. Rf1 Rxa2 41. Rf6+ Kg7 42. g5 Rb2 43. Ke5 Rxb3 44. Ke6 Re3+ 45. Kd6 c4 46.
Kd5 b5 47. Rc6 Ra3 48. Rc7+ Kg6 49. Rb7 a6 50. Kc5 Rh3 51. Be1 Kxg5 52. Ra7 Rh1
53. Bd2+ Kf5 54. Rxa6 Rd1 55. Bb4 Ke5 56. Kxb5 Rc1 57. Ba3 Rc3 58. Bb2 Kd4 59.
Bxc3+ Kxc3 60. Rc6 Kd3 61. Rxc4 Ke3 62. Kc5 Kd3 63. Kd5 Ke3 64. Rd4 Kf3 65. Re4
Kg3 66. Ke5 Kf3 67. Kf5 Kg3 68. Rd4 Kf3 69. Rd3+ Ke2 70. Ke4 Kf2 71. Ra3 Ke2 72.
Ra2+ Kd1 73. Kd3 Ke1 74. Rb2 Kf1 75. Ke3 Kg1 76. Kf3 Kh1 77. Kg3 1-0

[Event "Let's Play Chess!"]
[Site "http://www.queenalice.com/game.php?id=1770740"]
[Date "2021.9.27"]
[Round "-"]
[White "charles31"]
[Black "PatricioKM"]
[Result "0-1"]
[WhiteElo "1660"]
[BlackElo "1754"]

1. e4 e5 2. Nf3 Nc6 3. a3 Nf6 4. d3 h6 5. Nc3 d5 6. exd5 Nxd5 7. Be3 Nxe3 8.
fxe3 Bg4 9. Be2 Bc5 10. Ne4 Bxe3 11. g3 O-O 12. h3 Bxf3 13. Bxf3 Nd4 14. Rh2 c6
15. c3 Nxf3+ 16. Qxf3 Qxd3 17. Re2 Bd2+ 18. Kf1 Qxf3+ 19. Nf2 Be3 20. Rae1 Bxf2
21. Rxf2 Qxg3 22. Ree2 Qxh3+ 0-1

[Event "Let's Play Chess!"]
[Site "http://www.queenalice.com/game.php?id=1770743"]
[Date "2021.9.27"]
[Round "-"]
[White "PatricioKM"]
[Black "charles31"]
[Result "1-0"]
[WhiteElo "1766"]
[BlackElo "1690"]

1. e4 e5 2. Nf3 a6 3. Nxe5 d6 4. Nf3 Nc6 5. d4 Bg4 6. Be2 h6 7. h3 Bh5 8. c3 Nf6
9. Qc2 Qe7 10. Nbd2 O-O-O 11. g4 Bg6 12. Bd3 Re8 13. O-O Bh7 14. Re1 Qd7 15. b3
Na7 16. Ba3 g5 17. e5 Bxd3 18. Qxd3 Nd5 19. exd6 Bxd6 20. Bxd6 Qxd6 21. Rxe8+
Rxe8 22. Ne4 Qf4 23. Re1 f6 24. Nd6+ Qxd6 25. Rxe8+ Kd7 26. Re1 Nf4 27. Qh7+ Kc6
28. Qe4+ Kb6 29. c4 Nxh3+ 30. Kg2 Nf4+ 31. Kf1 Nc6 32. c5+ 1-0

[Event "Challenge"]
[Site "http://www.queenalice.com/game.php?id=1771508"]
[Date "2021.10.5"]
[Round "-"]
[White "Scaracioli"]
[Black "PatricioKM"]
[Result "0-1"]
[WhiteElo "1677"]
[BlackElo "1820"]

1. e4 e5 2. Nf3 Nc6 3. d4 Nf6 4. d5 Ne7 5. Nc3 d6 6. Bd3 Bg4 7. h3 Bh5 8. g4 Bg6
9. g5 Nh5 10. h4 c6 11. b4 Qc8 12. Bf1 cxd5 13. Nxd5 Nxd5 14. Qxd5 Be7 15. Bd3
Qc3+ 16. Nd2 Qxa1 17. O-O O-O 18. Nf3 Qc3 19. Bd2 Qc6 20. c4 Qxd5 21. cxd5 a6
22. a3 b5 23. Nh2 Bd8 24. f4 exf4 25. Bxf4 Nxf4 26. Rxf4 Rc8 27. Nf3 Rc3 28. Be2
Rxa3 29. Kg2 Ra4 30. e5 dxe5 31. Nxe5 Bc2 32. Bh5 Bg6 33. Bxg6 hxg6 34. Kg3 f6
35. gxf6 gxf6 36. Nxg6 Rf7 37. h5 Bc7 38. h6 Bxf4+ 39. Kxf4 Rxb4+ 40. Kf5 Kh7
41. d6 Kxh6 42. Nf4 Rd4 43. Ke6 Rb7 44. Nd5 f5 45. Ne3 f4 46. Nf5+ Kg5 47. Nxd4
a5 48. Ke5 b4 49. Ne6+ Kg4 50. Nxf4 b3 51. Ne2 a4 52. Nc3 a3 53. Kd4 b2 54. Kd3
b1=Q+ 55. Nxb1 Rxb1 56. Kc2 Rb7 0-1

[Event "Challenge"]
[Site "http://www.queenalice.com/game.php?id=1771509"]
[Date "2021.10.5"]
[Round "-"]
[White "PatricioKM"]
[Black "Scaracioli"]
[Result "1-0"]
[WhiteElo "1792"]
[BlackElo "1681"]

1. e4 e5 2. Nf3 d6 3. h3 a6 4. d4 c6 5. dxe5 dxe5 6. Qxd8+ Kxd8 7. Nxe5 Be6 8.
Bc4 Bxc4 9. Nxc4 Be7 10. Ne5 Ke8 11. Nc3 f6 12. Ng4 Nd7 13. O-O Nh6 14. Nxh6
gxh6 15. Bxh6 Rg8 16. Rad1 Ne5 17. Kh1 Rd8 18. Rxd8+ Kxd8 19. a3 Nc4 20. b4 Nxa3
21. Rd1+ Kc8 22. Ne2 Nxc2 23. Nf4 Nxb4 24. f3 Kb8 25. Rd7 Re8 26. Ne6 a5 27.
Bf4+ Ka7 28. Ng7 Rd8 29. Rxe7 Rd1+ 30. Kh2 Nd3 31. Be3+ Ka6 32. Nh5 a4 33. Rd7
a3 34. Bd4 Nb2 35. Nxf6 Nc4 36. Bc5 b6 37. Rxd1 Ka5 38. Bxa3 Nxa3 39. Nxh7 c5
40. e5 Nc4 41. e6 b5 42. e7 b4 43. e8=Q Nb6 44. Ra1+ 1-0

[Event "Let's Play Chess!"]
[Site "http://www.queenalice.com/game.php?id=1772144"]
[Date "2021.10.14"]
[Round "-"]
[White "charles31"]
[Black "PatricioKM"]
[Result "1-0"]
[WhiteElo "1691"]
[BlackElo "1803"]

1. e4 e5 2. a3 Nf6 3. Nc3 d5 4. exd5 Nxd5 5. Nxd5 Qxd5 6. b3 Bc5 7. Bb2 f6 8. h3
Nc6 9. Bb5 a6 10. Bxc6+ Qxc6 11. Nf3 Qe4+ 12. Kf1 O-O 13. d3 Qg6 14. d4 exd4 15.
Nxd4 Bxd4 16. Bxd4 Rd8 17. c3 c5 18. h4 cxd4 19. cxd4 Qg4 20. Qxg4 Bxg4 21. f3
Bf5 22. Rd1 Bc2 23. Rd2 Bxb3 24. Kf2 b5 25. Rb1 Bc4 26. g4 h6 27. f4 g5 28. hxg5
fxg5 29. f5 Ra7 30. Rbd1 Rad7 31. Kf3 Bb3 32. Rb1 Ba4 33. Ke3 Rb8 34. d5 a5 35.
Ke4 b4 36. Rbb2 bxa3 37. Rxb8+ Kf7 38. d6 Bc6+ 39. Ke5 Bf3 40. Rb3 Bxg4 41. Rxa3
h5 42. Rxa5 h4 43. Rg2 h3 44. Rxg4 h2 45. Ra1 Ra7 46. Rh1 Ra5+ 47. Ke4 Ra4+ 48.
Kf3 Ra3+ 49. Kg2 Ra2+ 50. Kf3 Ra3+ 51. Kg2 Ra2+ 52. Kh3 Ke8 53. Rxg5 Kd7 54.
Rxh2 Rxh2+ 55. Kxh2 Kxd6 56. Kg3 Ke7 57. Kf4 Kf6 58. Rg6+ Kf7 59. Ke5 Ke7 60.
Rg7+ 1-0

[Event "Let's Play Chess!"]
[Site "http://www.queenalice.com/game.php?id=1772145"]
[Date "2021.10.14"]
[Round "-"]
[White "PatricioKM"]
[Black "charles31"]
[Result "0-1"]
[WhiteElo "1825"]
[BlackElo "1664"]

1. e4 e5 2. Nf3 d6 3. h3 h6 4. d4 exd4 5. Nxd4 a6 6. Nc3 Nf6 7. Bd3 Bd7 8. O-O
Nc6 9. Nxc6 Bxc6 10. b3 Qd7 11. Be3 Be7 12. a4 O-O 13. Qf3 Nh7 14. Qg3 Qe6 15.
Bc4 Qe5 16. Qxe5 dxe5 17. Nd5 Bxd5 18. exd5 Bd6 19. c3 c5 20. dxc6 bxc6 21. Rfd1
Be7 22. Rd7 Bf6 23. Rd6 Rfc8 24. g3 e4 25. Re1 Bxc3 26. Re2 c5 27. Bxa6 Rc7 28.
Bb5 Nf6 29. Bf4 Re7 30. Bc6 Raa7 31. Be3 Be5 32. Rdd2 Rec7 33. Bb5 Bc3 34. Rc2
Bb4 35. Rc1 Nd5 36. Bd2 Bxd2 37. Rd1 Nc3 38. Rexd2 Nxb5 39. axb5 Rab7 40. h4
Rxb5 41. Re2 Rxb3 42. Rxe4 c4 43. Rc1 c3 44. Re3 g5 45. hxg5 hxg5 46. Kg2 Kg7
47. Kh3 f5 48. f3 Kf6 49. g4 f4 50. Rd3 Ke5 51. Re1+ Kf6 52. Rc1 Rc6 53. Kg2
Rb2+ 54. Kh3 c2 55. Rcd1 cxd1=Q 56. Rxd1 Rf2 57. Rd3 Rc1 0-1

[Event "Let's Play Chess!"]
[Site "http://www.queenalice.com/game.php?id=1772565"]
[Date "2021.10.18"]
[Round "-"]
[White "PatricioKM"]
[Black "ulisses34"]
[Result "0-1"]
[WhiteElo "1846"]
[BlackElo "1733"]

1. e4 e5 2. Nf3 d6 3. d4 exd4 4. Nxd4 Nc6 5. Be3 Bd7 6. Nc3 Nf6 7. Bc4 Ng4 8.
Qe2 Be7 9. O-O-O Nxe3 10. Qxe3 Ne5 11. Bd5 c6 12. Bb3 c5 13. Nf3 Nxf3 14. Qxf3
Bg5+ 15. Kb1 O-O 16. Rxd6 Qe7 17. Rdd1 Bc6 18. Rhe1 b5 19. Bd5 Bxd5 20. Nxd5 Qe5
21. g3 Bd8 22. Qd3 c4 23. Qd4 Qxd4 24. Rxd4 Rb8 25. h4 Ba5 26. Red1 Rfe8 27. f3
Kf8 28. Nf4 Bb6 29. Rd5 a6 30. g4 Bc7 31. Ne2 Re6 32. Nf4 Bxf4 33. h5 h6 34. Rf5
Be5 35. f4 Rd6 36. Rc1 Bf6 37. g5 hxg5 38. fxg5 Be7 39. g6 Rf6 40. gxf7 Rxf5 41.
exf5 Kxf7 42. Rf1 Bf6 43. Rh1 Bg5 44. Rg1 Kf6 45. Rf1 Rd8 46. c3 Rd5 47. b3 Rxf5
48. Rd1 Bf4 49. Rd6+ Bxd6 0-1

[Event "Let's Play Chess!"]
[Site "http://www.queenalice.com/game.php?id=1774548"]
[Date "2021.11.11"]
[Round "-"]
[White "charles31"]
[Black "PatricioKM"]
[Result "0-1"]
[WhiteElo "1689"]
[BlackElo "1797"]

1. Nc3 Nf6 2. e4 e5 3. d4 exd4 4. Qxd4 Nc6 5. Be3 Nxd4 6. Bxd4 d5 7. exd5 Nxd5
8. Nxd5 Qxd5 9. c3 Bf5 10. Nf3 Bd6 11. Be2 Qe6 12. Ng5 Qg6 13. Nxf7 Qxf7 14. O-O
O-O 15. b3 Qg6 16. Bc4+ Kh8 17. Bd5 c6 18. Bc4 Bh3 0-1

[Event "Let's Play Chess!"]
[Site "http://www.queenalice.com/game.php?id=1775390"]
[Date "2021.11.23"]
[Round "-"]
[White "igorjava"]
[Black "PatricioKM"]
[Result "0-1"]
[WhiteElo "1986"]
[BlackElo "1809"]

1. e4 e5 2. f4 d6 3. Nf3 Nc6 4. Bb5 Ne7 5. f5 f6 6. O-O a6 7. Ba4 b5 8. Bb3 Na5
9. d3 Nxb3 10. axb3 Nc6 11. c3 d5 12. c4 bxc4 13. bxc4 dxe4 14. dxe4 Bc5+ 15.
Kh1 O-O 16. Nc3 a5 17. Qc2 Bb7 18. Rd1 Qe8 19. Nd5 Rc8 20. Bd2 Qh5 21. Bxa5 Nxa5
22. Rxa5 c6 23. Rxc5 cxd5 24. cxd5 Rxc5 25. Qxc5 Rc8 26. Qb4 Ba6 27. b3 Be2 28.
Qb7 Rd8 29. Qe7 Re8 0-1